banner koha

BRS Pitanga: nova cultivar de feijoeiro comum do grupo comercial roxinho (Registro n. 294621)

MARC details
000 -LÍDER
campo de controle de tamanho fixo 01323nac a22004217a 4500
001 - NÚMERO DE CONTROLE
campo de controle BR0600498
003 - IDENTIFICADOR DO NÚMERO DE CONTROLE
campo de controle BR-BrBNA
005 - DATA E HORÁRIO DA ÚLTIMA TRANSAÇÃO
campo de controle 20240105123241.0
008 - CAMPO DE DADOS FIXOS--INFORMAÇÃO GERAL
campo de controle de tamanho fixo 230509b bl.|||m| |||| 00| 0 por d
040 ## - FONTE DA CATALOGAÇÃO
Instituição da catalogação original BR-BrBNA
Idioma da catalogação por
Instituição que transcreveu o registro Biblioteca Nacional de Agricultura
072 ## - CÓDIGO DE CATEGORIA DE ASSUNTO
Código de Categoria de Assunto F30
090 ## - NÚMERO DE CHAMADA LOCAL
Número de chamada 1410 BR0600498
100 1# - ENTRADA PRINCIPAL--NOME PESSOAL
Nome pessoal Rava, C.A.
100 1# - ENTRADA PRINCIPAL--NOME PESSOAL
Nome pessoal Faria, L.C. de
100 1# - ENTRADA PRINCIPAL--NOME PESSOAL
Nome pessoal Costa, J.G.C. da
100 1# - ENTRADA PRINCIPAL--NOME PESSOAL
Nome pessoal Del Peloso, M.J.
100 1# - ENTRADA PRINCIPAL--NOME PESSOAL
Nome pessoal Melo, L.C..Diaz, J.L.C.
100 1# - ENTRADA PRINCIPAL--NOME PESSOAL
Nome pessoal Faria, J.C. de
100 1# - ENTRADA PRINCIPAL--NOME PESSOAL
Nome pessoal Silva, H.T. da
100 1# - ENTRADA PRINCIPAL--NOME PESSOAL
Nome pessoal Sartorato, A.
100 1# - ENTRADA PRINCIPAL--NOME PESSOAL
Nome pessoal Bassinello, P.Z.
100 1# - ENTRADA PRINCIPAL--NOME PESSOAL
Nome pessoal Zimmermann, F.J.P.
110 1# - ENTRADA PRINCIPAL--NOME CORPORATIVO
Nome corporativo ou nome da jurisdição EMBRAPA Arroz e Feijão, Santo Antônio de Goiás, GO (Brasil)
245 1# - TÍTULO
Título BRS Pitanga: nova cultivar de feijoeiro comum do grupo comercial roxinho
260 3# - PUBLICAÇÃO, DISTRIBUIÇÃO, ETC.
Local de publicação, distribuição, etc. Santo Antônio de Goiás, GO (Brasil):
Data da publicação, distribuição, etc. 2004.
300 ## - DESCRIÇÃO FÍSICA
Extensão 2 p.
490 ## - TÍTULO DA SÉRIE
Título da série Comunicado Técnico - EMBRAPA Arroz e Feijão (Brazil)
Número do volume ou designação sequencial da série no. 94
ISSN - International Standard Serial Number ISSN 1677-910X
650 ## - ASSUNTO--TERMO TÓPICO
Cabeçalho tópico ou nome geográfico FEIJÃO
650 ## - ASSUNTO--TERMO TÓPICO
Cabeçalho tópico ou nome geográfico GRÃO
650 ## - ASSUNTO--TERMO TÓPICO
Cabeçalho tópico ou nome geográfico MELHORAMENTO GENÉTICO VEGETAL
650 ## - ASSUNTO--TERMO TÓPICO
Cabeçalho tópico ou nome geográfico VARIEDADE RESISTENTE
650 ## - ASSUNTO--TERMO TÓPICO
Cabeçalho tópico ou nome geográfico GENÓTIPO
650 ## - ASSUNTO--TERMO TÓPICO
Cabeçalho tópico ou nome geográfico TOMBAMENTO DA PLANTA
650 ## - ASSUNTO--TERMO TÓPICO
Cabeçalho tópico ou nome geográfico CONTROLE QUÍMICO
650 ## - ASSUNTO--TERMO TÓPICO
Cabeçalho tópico ou nome geográfico CARACTERÍSTICAS AGRONÔMICAS
909 ## -
-- 202312
-- Lúcia Elande
-- 55
-- Lúcia Elande
942 ## - ELEMENTOS DE ENTRADA ADICIONADOS (KOHA)
Fonte da classificação ou esquema de arquivamento na estante Classificação AGRIS
Ocultar no OPAC Não
Tipo de material Koha Monografia Seriada
Exemplares
Situação do descarte Fonte da classificação ou esquema de arquivamento na estante Situação física Não pode ser emprestado Coleção Biblioteca de origem Biblioteca atual Localização na estante Total de empréstimos Número de telefone completo Código de barras Data de último acesso Tipo de material Koha Fonte de aquisição
  Classificação AGRIS       Biblioteca Nacional de Agricultura - Binagri Biblioteca Nacional de Agricultura - Binagri Agrobase - Acervo Geral   1410 BR0600498 1410 BR0600498 18/12/2023 Monografia Seriada Portaria Interministerial nº 164/94

BINAGRI

Telefone: (61)3218-2567/2388/3357/2097 - binagri@agro.gov.br

Ministério da Agricultura e Pecuária , Esplanada dos Ministérios, Bloco D, Anexo B, Brasília/DF, CEP: 70.043-900